000
00358nam a2200157Ia 4500
003
0STCL
008
150530s9999 xx 000 0 und d
040
_a
STCL
_c
STCL
100
_a
Jepson, R.W.; Ed
245
_a
Short stories old and new
260
_b
Longmans
_c
1935
546
_a
English
942
_2
ddc
_c
BK
999
_c
45617
_d
45617
005
20220125170653.0